| 000 | 00907nam2a2200217 4500 | ||
|---|---|---|---|
| 001 | RU\NLR\BIBL_A\012128995 | ||
| 005 | 20250623212928.0 | ||
| 035 | _a(NLR Aleph) 012128995 | ||
| 090 |
_a12035571 _c12035571 |
||
| 100 | _a20191028d1933 |||y0rusy50 ca | ||
| 101 | 0 | _a9as | |
| 102 | _aRU | ||
| 105 | _aa z 000 y | ||
| 200 | 0 |
_aS. 3 _eqә şitә tlijtetә u rvьjeta d maqreta |
|
| 210 |
_d1933 _aБ. м. |
||
| 215 |
_a69, [3] c. _cил. |
||
| 461 | 0 |
_1001RU\NLR\BIBL_A\012128964 _12001#$aAritmatiqij$eqә mәdrәsә d şuraja$fN. S. Popova$gpuşәqә d Ş. Qilleta$vS. 3 _1700#1$aПопова$bН. С.$4070 _912035421 _aПопова, Н. С. (педагог-математик ; 1885-1975) _cМосква _d1933-1934 _fN. S. Popova _nУчпедгиз _oqә mәdrәsә d şuraja _tAritmatiqij _vS. 3 |
|
| 852 |
_aNLR _bОНЛ _jАссир./3-29 |
||
| 942 | _cBOOK | ||
| 980 | _aNB | ||